000 00583nam a22001697a 4500
020 _qHard Cover.
082 _aBIT-10 UMA
100 _aUmar Siddiqui.
245 _aDynamically Scalable Multi-Agent Environment using Cloud Resources /
_cSiddiqui, Umar
260 _aIslamabad:
_bSEECS-NUST,
_c2012.
300 _a46 p. :
_bill. ;
_c30cm.
650 _aBachelor in Information Technology.
_955447
700 _aDr. Peter Charles
_955489
856 _uhttp://10.250.8.41:8080/xmlui/handle/123456789/32041
942 _2ddc
_cPR
999 _c566335
_d566335